000 00843nam a22002417a 4500
005 2010080202532.0
010 _aENG-97806
020 _a9788120340176
_c250.00
035 _aEN-81339
037 _bDBAD/PUB
082 _a519.5
100 _aSarma, K.V.S.
_94626
245 _aStatistics made simple :
_bdo it yourself on PC /
_cby K.V.S. Sarma
250 _a2nd ed
260 _aNew Delhi
_bPHI Learning
_c2010
270 _aM-97, Connaught Circus
_bNew Delhi
_e110001
300 _axv, 303p.:
_bill.
_c24cm (pbk)
500 _aincludes index
650 _aMathematical Statistics
_94627
650 _aProblem solving - Data Processing
_94628
942 _2ddc
_cEN
_h519.5
_mSAR
999 _c38816
_d38816